Alle Länder und Territorien der Welt - Statistiken

Allgemein
  • Dieses Quiz wurde 44 mal gespielt
  • Das Durchschnittsergebnis liegt bei 155 aus 259
Antworten auf der Karte
Die Antworten werden auf der Karte rot bzw. grün angezeigt, abhängig davon wie oft sie richtig erraten wurden.
 
Antwortstatistiken
Land % Korrekt
Kanada
94%
Island
88%
Mexiko
88%
Australien
85%
Dänemark
85%
Frankreich
85%
Russland
85%
Vereinigte Staaten
85%
Argentinien
82%
Brasilien
82%
Haiti
82%
Indonesien
82%
Irland
82%
Vereinigtes Königreich
82%
Belarus
79%
Belgien
79%
Chile
79%
Deutschland
79%
Dominikanische Republik
79%
Finnland
79%
Honduras
79%
Japan
79%
Kasachstan
79%
Kolumbien
79%
Kuba
79%
Lettland
79%
Litauen
79%
Luxemburg
79%
Neuseeland
79%
Nicaragua
79%
Niederlande
79%
Norwegen
79%
Österreich
79%
Polen
79%
Rumänien
79%
Schweden
79%
Schweiz
79%
Tschechien
79%
Türkei
79%
Ukraine
79%
Vatikanstadt
79%
Venezuela
79%
Zypern
79%
Albanien
76%
Armenien
76%
Bahamas
76%
Barbados
76%
Belize
76%
Bulgarien
76%
China
76%
Costa Rica
76%
El Salvador
76%
Estland
76%
Griechenland
76%
Guatemala
76%
Guyana
76%
Indien
76%
Italien
76%
Jamaika
76%
Kroatien
76%
Madagaskar
76%
Malta
76%
Marokko
76%
Nordkorea
76%
Nordmazedonien
76%
Pakistan
76%
Panama
76%
Paraguay
76%
Peru
76%
Portugal
76%
Serbien
76%
Slowakei
76%
Slowenien
76%
Spanien
76%
St. Kitts und Nevis
76%
Südkorea
76%
Ägypten
73%
Aserbaidschan
73%
Bolivien
73%
Bosnien und Herzegowina
73%
Demokratische Republik Kongo
73%
Elfenbeinküste
73%
Georgien
73%
Jordanien
73%
Kosovo
73%
Liechtenstein
73%
Moldawien
73%
Monaco
73%
Niger
73%
Papua-Neuguinea
73%
Philippinen
73%
Republik Kongo
73%
San Marino
73%
Saudi-Arabien
73%
St. Lucia
73%
Südafrika
73%
Suriname
73%
Tonga
73%
Ungarn
73%
Uruguay
73%
Usbekistan
73%
Vietnam
73%
Afghanistan
70%
Andorra
70%
Äquatorial-Guinea
70%
Ecuador
70%
Fidschi
70%
Föderierte Staaten von Mikronesien
70%
Ghana
70%
Kuwait
70%
Libanon
70%
Malaysia
70%
Mongolei
70%
Montenegro
70%
Nepal
70%
Nigeria
70%
Senegal
70%
Sri Lanka
70%
St. Vincent und die Grenadinen
70%
Sudan
70%
Taiwan
70%
Trinidad und Tobago
70%
Tunesien
70%
Turkmenistan
70%
Tuvalu
70%
Uganda
70%
Vereinigte Arabische Emirate
70%
Algerien
67%
Antigua und Barbuda
67%
Äthiopien
67%
Bangladesch
67%
Bhutan
67%
Botswana
67%
Burkina Faso
67%
Eswatini
67%
Gambia
67%
Grenada
67%
Guinea
67%
Guinea-Bissau
67%
Irak
67%
Iran
67%
Jemen
67%
Katar
67%
Kenia
67%
Kirgisistan
67%
Kiribati
67%
Lesotho
67%
Mali
67%
Myanmar
67%
Namibia
67%
Oman
67%
Osttimor
67%
Sambia
67%
Seychellen
67%
Sierra Leone
67%
Südsudan
67%
Syrien
67%
Tadschikistan
67%
Thailand
67%
Togo
67%
Tschad
67%
Vanuatu
67%
Zentralafrikanische Republik
67%
Angola
64%
Benin
64%
Dominica
64%
Dschibuti
64%
Eritrea
64%
Kambodscha
64%
Kamerun
64%
Komoren
64%
Laos
64%
Liberia
64%
Libyen
64%
Malawi
64%
Malediven
64%
Marshallinseln
64%
Mauretanien
64%
Nauru
64%
Palau
64%
São Tomé und Príncipe
64%
Singapur
64%
Somalia
64%
Tansania
64%
Bahrain
61%
Gabun
61%
Israel
61%
Kap Verde
61%
Mosambik
61%
Ruanda
61%
Samoa
61%
Brunei
58%
Burundi
58%
Mauritius
58%
Simbabwe
52%
Salomonen
48%
Curaçao
42%
Martinique
42%
Puerto Rico
39%
Aruba
36%
Palästina
36%
Britische Jungferninseln
33%
Cookinseln
33%
Faröer
33%
Gibraltar
33%
Falklandinseln
30%
Französisch-Polynesien
30%
Grönland
30%
Guadeloupe
30%
Neukaledonien
30%
Transnistrien
30%
Anguilla
27%
Bermuda
27%
Guam
27%
Isle of Man
27%
Nordzypern
27%
Sint Maarten
27%
Südossetien
27%
Weihnachtsinsel
27%
Abchasien
24%
Amerikanisch-Samoa
24%
Bonaire
24%
Guernsey
24%
Jersey
24%
Macau
24%
Montserrat
24%
Niue
24%
Réunion
24%
Åland
21%
Amerikanische Jungferninseln
21%
Mayotte
21%
Pitcairninseln
21%
Saint-Martin
21%
Somaliland
21%
Britisches Territorium im Indischen Ozean
18%
Cayman Islands
18%
England
18%
Kokosinseln
18%
Saint-Barthélemy
18%
Sint Eustatius
18%
St. Helena
18%
Tokelau
18%
Wales
18%
Wallis und Futuna
18%
Westsahara
18%
Antarktis
15%
Nordirland
15%
Norfolkinsel
15%
Saba
15%
Saint-Pierre und Miquelon
15%
Schottland
15%
Südgeorgien und die Südlichen Sandwichinseln
15%
Turks- und Caicosinseln
15%
Bouvetinsel
12%
Nördliche Marianen
12%
Französische Süd- und Antarktisgebiete
9%
Französisch-Guayana
9%
Spitzbergen und Jan Mayen
6%
Heard und die McDonaldinseln
3%
Keine übereinstimmenden Quizze gefunden
Verteilung der Resultate
Anzahl Personen mit jedem Resultat
Perzentil nach korrekt beantworteten Fragen
Ihre Resultats-Entwicklung
Sie haben dieses Quiz noch nicht gespielt